Germany and the Middle East : (Titelsatznr. 29729)
[ MARC ]
| 000 -Satzkennung | |
|---|---|
| Kontrollfeld mit fester Länge | 01108nam a22003131c 4500 |
| 001 - Kontrollnummer | |
| Kontrollfeld | EBC5611767 |
| 003 - Kontrollnummer Identifier | |
| Kontrollfeld | RU-10907106 |
| 005 - Datum und Zeit der letzten Transaktion | |
| Kontrollfeld | 20211006111204.0 |
| 008 - Feld mit fester Länge zur physischen Beschreibung - Allgemeine Angaben | |
| Kontrollfeld mit fester Länge | 200211s2019 gw |||| 000u eng d |
| 020 ## - Internationale Standardbuchnummer | |
| Internationale Standardbuchnummer | 9781789200386 |
| -- | 978-1-7892-0039-3 |
| Verknüpfung | 978-1-7892-0038-6 |
| 040 ## - Katalogisierungsquelle | |
| Übertragungsstelle | RU-10907106 |
| Original-Katalogisierungsstelle | RU-10907106 |
| Katalogisierungssprache | ger |
| 041 ## - Sprachcode | |
| Sprachcode des Textes/der Tonspur oder des separaten Titels | eng |
| 100 1# - Haupteintragung - Personenname | |
| Personenname | Steininger, Rolf |
| 245 00 - Titel | |
| Titel | Germany and the Middle East : |
| Zusatz zum Titel | from Kaiser Wilhelm II to Angela Merkel / |
| Verfasserangabe etc. | Rolf Steininger |
| 250 ## - Ausgabebezeichnung | |
| Ausgabebezeichnung | English-language edition |
| 264 ## - Produktion, Veröffentlichung, Distribution, Herstellung und Urheberrechtsvermerk | |
| Herstellungs-, Veröffentlichungs- Vertriebs-, Erzeugungsort | New York ; Oxford : |
| Produzent, Herausgeber, Distributor, Hersteller | Berghahn, |
| Datum der Herstellung, der Veröffentlichung, des Vertriebs oder des Urheberschutzvermerks | 2019 |
| 300 ## - Physische Beschreibung | |
| Umfang | 1 online resource (187 pages) |
| 336 ## - Inhaltstyp | |
| Inhaltstypterm | Text |
| Inhaltstypcode | txt |
| Quelle | rdacontent |
| 337 ## - Medientyp | |
| Bezeichnung des Medientyps | Computermedien |
| Medientypcode | c |
| Quelle | rdamedia |
| 338 ## - Datenträgertyp | |
| Datenträgertypbezeichnung | Online-Ressource |
| Datenträgertypcode | cr |
| Quelle | rdacarrier |
| 500 ## - Allgemeine Fußnote | |
| Allgemeine Fußnote | E-Book-ProQuest / Fernzugriff nach Registrierung möglich |
| 500 ## - Allgemeine Fußnote | |
| Allgemeine Fußnote | Includes bibliographical references and index |
| 650 #4 - Nebeneintragung unter einem Schlagwort - Sachschlagwort | |
| Sachschlagwort oder geografischer Name als Eintragungselement | Außenpolitik |
| 651 #4 - Nebeneintragung unter einem Schlagwort - Geografischer Name | |
| Geografischer Name | Naher Osten |
| 651 #4 - Nebeneintragung unter einem Schlagwort - Geografischer Name | |
| Geografischer Name | Deutschland |
| 655 #0 - Indexierungsterm - Genre/Form | |
| Genre/Form oder fokussierter Term | Fernzugriff |
| 856 4# - Elektronische Adresse und Zugriff | |
| URL | <a href="https://ebookcentral.proquest.com/lib/maxweberstiftung-ebooks/detail.action?docID=5611767">https://ebookcentral.proquest.com/lib/maxweberstiftung-ebooks/detail.action?docID=5611767</a> |
| 942 ## - Zusätzliche Felder (Koha) | |
| Koha-Medientyp | E-Books |
| Klassifikation oder Aufstellungssystematik | Andere/Generische Klassifikation |
| Ausgeschieden | Verloren | Beschädigt | Nicht entleihbar | Heimatbibliothek | Aufenthaltsbibliothek | Aufstellungsort | Erwerbungsdatum | Inventarnummer | Signatur | Barcode | Letzte Aktivität | Preis gültig von | Koha-Medientyp |
|---|---|---|---|---|---|---|---|---|---|---|---|---|---|
| MWN Osteuropa | MWN Osteuropa | Online-Ressource | 11/02/2020 | 20-e00038 | E-20-e00038 | 29733 | 18/03/2021 | 22/03/2021 | E-Books |